| 000 | 00793nam a2200193 i 4500 | ||
|---|---|---|---|
| 001 | 179295 | ||
| 003 | ES-MaACL | ||
| 005 | 20230906220731.0 | ||
| 008 | 111025s1878 xxk |||| | eng d | ||
| 100 | 1 |
_aWines, Enoch Cobb ( _d1806-1879) _9117073 |
|
| 245 | 1 | 4 |
_aThe International Prison Congres of Stockholm _b: a report prepared for the Social Science Congress of Cheltenham, october 23-30 / _cby Dr. Wines. |
| 260 |
_a[S.l. : _bs.n., _c1878?] |
||
| 300 |
_a7 p. ; _c21 cm. |
||
| 594 | _aTÃtulo y autor tomado de principio del texto. | ||
| 596 | _aEjemplar sin portada. | ||
| 650 | 0 | 4 |
_aEstablecimientos penitenciarios- _vCongresos y asambleas. _9163123 |
| 711 | 2 |
_aCongreso Penitenciario Internacional ( _d1878. _cEstocolmo) _9165779 |
|
| 852 |
_aES-MaACL _jD-221(2) _z.- Donativo Lastres |
||
| 999 |
_c179295 _d179295 |
||